Congressional procedures and the policy process / (Record no. 95326)
[ view plain ]
| 000 -LEADER | |
|---|---|
| campo de control de longitud fija | 03347cam a22004214a 4500 |
| 001 - NÚMERO DE CONTROL | |
| campo de control | 55703 |
| 005 - FECHA Y HORA DE LA ÚLTIMA TRANSACCIÓN | |
| campo de control | 20230410142423.0 |
| 008 - DATOS DE LONGITUD FIJA--INFORMACIÓN GENERAL | |
| campo de control de longitud fija | 070124s2007 dcua b 001 0 eng |
| 010 ## - NÚMERO DE CONTROL DE LA BIBLIOTECA DEL CONGRESO | |
| Número de control de LC | 2007002110 |
| 035 ## - NÚMERO DE CONTROL DEL SISTEMA | |
| Número de control de sistema | (OCoLC)ocm80358867 |
| 040 ## - FUENTE DE CATALOGACIÓN | |
| Centro catalogador/agencia de origen | DLC |
| Centro/agencia transcriptor | DLC |
| Centro/agencia modificador | BAKER |
| -- | C#P |
| -- | BTCTA |
| -- | YDXCP |
| -- | TTU |
| -- | CRH |
| -- | DRFGD |
| 020 ## - NÚMERO INTERNACIONAL ESTÁNDAR DEL LIBRO | |
| Número Internacional Estándar del Libro | 9780872893030 (alk. paper) |
| 020 ## - NÚMERO INTERNACIONAL ESTÁNDAR DEL LIBRO | |
| Número Internacional Estándar del Libro | 0872893030 (alk. paper) |
| 029 1# - OTRO NÚMERO DE CONTROL DE SISTEMA (OCLC) | |
| Identificador de la biblioteca OCLC | YDXCP |
| Número de control de sistema | 2476229 |
| 029 1# - OTRO NÚMERO DE CONTROL DE SISTEMA (OCLC) | |
| Identificador de la biblioteca OCLC | NLGGC |
| Número de control de sistema | 302249923 |
| 035 ## - NÚMERO DE CONTROL DEL SISTEMA | |
| Número de control de sistema | (OCoLC)80358867 |
| 043 ## - CÓDIGO DE ÁREA GEOGRÁFICA | |
| Código de área geográfica | n-us--- |
| 082 00 - NÚMERO DE LA CLASIFICACIÓN DECIMAL DEWEY | |
| Número de clasificación | 328.73 |
| Número de edición | 22 |
| 049 ## - FONDOS LOCALES (OCLC) | |
| Biblioteca depositaria | GRAL |
| 050 14 - SIGNATURA TOPOGRÁFICA DE LA BIBLIOTECA DEL CONGRESO | |
| Número de clasificación | O45c 2007 |
| 100 1# - ENTRADA PRINCIPAL--NOMBRE DE PERSONA | |
| Nombre de persona | Oleszek, Walter J. |
| 245 10 - MENCIÓN DEL TÍTULO | |
| Título | Congressional procedures and the policy process / |
| Mención de responsabilidad, etc. | Walter J. Oleszek. |
| 250 ## - MENCION DE EDICION | |
| Mención de edición | 7th ed. |
| 260 ## - PUBLICACIÓN, DISTRIBUCIÓN, ETC. | |
| Lugar de publicación, distribución, etc. | Washington, D.C. : |
| Nombre del editor, distribuidor, etc. | CQ Press, |
| Fecha de publicación, distribución, etc. | c2007. |
| 300 ## - DESCRIPCIÓN FÍSICA | |
| Extensión | xvii, 364 p. : |
| Otras características físicas | ill. ; |
| Dimensiones | 23 cm. |
| 504 ## - NOTA DE BIBLIOGRAFÍA, ETC. | |
| Nota de bibliografía, etc. | Includes bibliographical references (p. 343-349) and index. |
| 505 0# - NOTA DE CONTENIDO CON FORMATO | |
| Nota de contenido con formato | 1. Congress and lawmaking -- The Constitutional context -- Functions of rules and procedures -- Rules and policymaking in Congress -- Congressional decision making -- The House and Senate compared -- Pressures on members -- 2. The Congressional budget process -- Authorization-appropriations process -- Prelude to budget reform -- The 1974 Budget Act -- Evolution of the budget process -- A brief surplus era -- The challenge ahead -- 3. Preliminary legislative action -- Categories of legislation -- Bill referral procedure -- Consideration in committee -- The committee chair's role -- Committee hearings -- The markup -- The report -- Bypassing committees -- 4. Scheduling legislation in the House -- The House legislative calendars -- Minor and noncontroversial bills -- Privileged legislation -- Major legislation -- Legislation blocked in committee -- Final scheduling steps -- 5. House floor procedure -- Adoption of the rule -- Committee of the whole -- General debate -- The amending process -- Voting -- Final procedural steps -- 6. Scheduling legislation in the Senate -- Flexible scheduling system -- Noncontroversial bills -- Major legislation -- Unanimous consent agreements -- The track system -- Scheduling procedures compared -- 7. Senate floor procedure -- Legislative and calendar days -- Daily order of business -- Debate in the modern Senate -- Bills considered by unanimous consent -- The amending process -- Bills without unanimous consent -- Procedures to circumvent committees -- 8. Resolving House-Senate differences -- Obscurity of the process -- Agreement without a conference -- Preconference considerations -- Conference committee process -- Presidential approval or veto -- 9. Legislative oversight -- Oversight : an overview -- Techniques of oversight -- Impeachment -- Oversight trends and incentives -- Lack of consensus on oversight -- 10. A dynamic process -- Glossary of Congressional terms. |
| 610 10 - PUNTO DE ACCESO ADICIONAL DE MATERIA--NOMBRE DE ENTIDAD CORPORATIVA | |
| Nombre de entidad corporativa o nombre de jurisdicción como elemento de entrada | United States. |
| Unidad subordinada | Congress |
| Subdivisión de forma | Rules and practice. |
| 650 #0 - PUNTO DE ACCESO ADICIONAL DE MATERIA--TÉRMINO DE MATERIA | |
| Término de materia o nombre geográfico como elemento de entrada | Legislation |
| Subdivisión geográfica | United States. |
| 650 #0 - PUNTO DE ACCESO ADICIONAL DE MATERIA--TÉRMINO DE MATERIA | |
| Término de materia o nombre geográfico como elemento de entrada | Parliamentary practice |
| Subdivisión geográfica | United States. |
| 856 41 - LOCALIZACIÓN Y ACCESO ELECTRÓNICOS | |
| Materiales especificados | Table of contents only |
| Identificador Uniforme de Recursos | <a href="http://www.loc.gov/catdir/toc/ecip079/2007002110.html">http://www.loc.gov/catdir/toc/ecip079/2007002110.html</a> |
| 938 ## - | |
| -- | Baker and Taylor |
| -- | BTCP |
| -- | 2007002110 |
| 938 ## - | |
| -- | YBP Library Services |
| -- | YANK |
| -- | 2476229 |
| 938 ## - | |
| -- | Baker & Taylor |
| -- | BKTY |
| -- | 49.95 |
| -- | 49.95 |
| -- | 0872893030 |
| -- | 0007010505 |
| -- | active |
| 942 ## - ELEMENTOS DE ENTRADA SECUNDARIOS (KOHA) | |
| Fuente del sistema de clasificación o colocación | Clasificación de Library of Congress |
| Tipo de ítem Koha | |
| 946 ## - PROCESAMIENTO DE INFORMACIÓN LOCAL (OCLC) | |
| a | lmminaya |
| 994 ## - | |
| -- | C0 |
| -- | DRFGD |
| Estatus retirado | Estado de pérdida | Fuente del sistema de clasificación o colocación | Estado de daño | No para préstamo | Colección | Biblioteca de origen | Biblioteca actual | Ubicación en estantería | Fecha de adquisición | Signatura topográfica completa | Código de barras | Visto por última vez | Copia número | Tipo de ítem Koha |
|---|---|---|---|---|---|---|---|---|---|---|---|---|---|---|
| Clasificación de Library of Congress | Automatización y Procesos Técnicos | Biblioteca Juan Bosch | Biblioteca Juan Bosch | Automatización y Procesos Técnicos (1er. Piso) | 10/04/2023 | O45c 2007 | 00000056758 | 21/01/2019 | 1 |
